[Event "Hessen-ch op-B"]
[Site "Floersheim"]
[Date "2016.05.05"]
[Round "2"]
[White "Storch, Markus"]
[Black "Schoppmeyer, Jan"]
[Result "0-1"]
[WhiteElo "1322"]
[BlackElo "1848"]
[PlyCount "62"]
[EventDate "2016.05.05"]
[EventType "swiss"]
[EventRounds "7"]
[EventCountry "GER"]
[SourceTitle "EXT 2022"]
[Source "ChessBase"]
[SourceDate "2021.10.06"]
[SourceVersion "1"]
[SourceVersionDate "2021.10.06"]
[SourceQuality "1"]

1. d4 Nf6 2. Nc3 d5 3. Bg5 Bf5 4. e3 Nbd7 5. g3 h6 6. Bf4 c6 7. Bd3 Bxd3 8. Qxd3 Nh5 9. e4 Nxf4 10. gxf4 e6 11. e5 g6 12. Nge2 b5 13. h4 h5 14. Ng3 Be7 15. f5 exf5 16. Nxf5 gxf5 17. Qxf5 Nf8 18. Ne2 Qd7 19. Qf3 Qg4 20. Qxg4 hxg4 21. h5 Bg5 22. c3 Ne6 23. Ng3 Nf4 24. Rd1 Kd7 25. Nf5 Nxh5 26. Nd6 Ke6 27. Nb7 Nf4 28. Rxh8 Rxh8 29. f3 g3 30. Kd2 g2 31. Ke3 Rh1 0-1